000 00422nam a22001697a 4500
003 CEME
005 20210628205611.0
008 210308b xxu||||| |||| 00| 0 eng d
020 _a81-7029-722-9
040 _c.
082 _a621.3815 LOT'M
100 _aLotia, Manahar
_976199
245 _aModern ic data and substitution manual
260 _aNEW DELHI
_bBPB PUBLICATION
_c1996
300 _a547P
942 _cBK
_2ddc
999 _c581604
_d581604